2000 solved problems in mechanical engineering thermodynamics /

Enregistré dans:
Détails bibliographiques
Auteur principal: Liley, Peter E (Auteur)
Format: Livre
Langue:anglais
Publié: New York : McGraw-Hill, 1988
Édition:1.vyd.
Sujets:
Tags: Ajouter un tag
Pas de tags, Soyez le premier à ajouter un tag!

MARC

LEADER 00000nam a22000003a 4500
001 stu5036
005 20150617225811.9
008 931220s1988----xxu-----------------eng-d
020 |a 0-07-037863-0 
040 |a STU  |b slo 
041 0 |a eng 
044 |a xxu 
080 |a 536.7(076.2) 
100 1 |a Liley, Peter E  |4 aut 
245 1 |a 2000 solved problems in mechanical engineering thermodynamics /  |c [aut.] Liley,Peter E 
250 |a 1.vyd. 
260 |a New York :  |b McGraw-Hill,  |c 1988 
300 |a 406 s 
650 7 |a termodynamika  |2 stusub 
996 |b 284EK07478  |c E*78543  |l EE01  |s A  |a 24  |w stu5036_0001